Un Mecenatge cinematogràfic : vida i obra de Delmiro de Caralt / Joaquim Romaguera i Ramió vida i obra de Delmiro de Caralt / Joaquim Romaguera i Ramió
Publicado:
Barcelona :
Fundació Mediterrània ; amb la col·laboració de la Direcció General de Cinematografia, Vídeo i Televisió del Departament de Cultura de la Generalitat de Catalunya ,
1987
Descripción Física:
88 p. : il. ; 20 cm
MARC
| LEADER | 00000nam a2200000Ia 4500 | ||
|---|---|---|---|
| 001 | 10954 | ||
| 003 | BGR | ||
| 005 | 20260324175311.0 | ||
| 008 | 160829s1987 xx 000 0 cat d | ||
| 080 | |a B-1-265 | ||
| 100 | |a Romaguera i Ramió, Joaquim |9 25575 | ||
| 245 | |a Un Mecenatge cinematogràfic : |b vida i obra de Delmiro de Caralt / Joaquim Romaguera i Ramió | ||
| 260 | |a Barcelona : |b Fundació Mediterrània ; amb la col·laboració de la Direcció General de Cinematografia, Vídeo i Televisió del Departament de Cultura de la Generalitat de Catalunya, |c 1987 | ||
| 300 | |a 88 p. : |b il. ; |c 20 cm | ||
| 650 | |a Caralt, Delmiro de |9 25576 | ||
| 650 | |a Biblioteca del Cinema Delmiro de Caralt |9 25577 | ||
| 710 | 2 | |a Fundació Mediterrània |9 70907 | |
| 710 | 1 | |a Catalunya. |b Generalitat |b Direcció General de Cinematografia, Vídeo i Televisió |9 12125 | |
| 901 | |a Arxiu | ||
| 942 | |n 1 |2 udc |c MON | ||
| 952 | |0 0 |1 0 |4 0 |6 B1265 |7 1 |9 43683 |a Arxiu |b Arxiu |d 2016-12-01 |l 0 |o B-1-265 |p 10954 |r 2016-12-01 00:00:00 |w 2016-12-01 |y ARXIU | ||
| 999 | |c 46231 |d 46231 | ||